000 00886nam a2200241 a 4500
001 56119
003 BD-RjUL
005 20211209080344.0
008 161126s1970 ii ||||| |||| 00| 0 ben d
020 _c: Irs 15.00
035 _a(BD-RjUL)56243
040 _aBD-RjUL
_bben
_cBD-RjUL
041 _aben
082 _223
_a891.4409
_bGUE 1970
100 _aগুহ, সত্য
_9167072
245 1 0 _aএকালের গদ্যপদ্য আন্দোলনের দলিল /
_cসত্য গুহ
250 _a১ম সং .
260 _aকলিকাতা :
_b অধুনা,
_c১৯৭০
300 _a৪০৮ পৃ. ;
_c২১ সেমি .
650 _aবাংলা সাহিত্য
_xইতিহাস ও সমালোচনা
_9167073
650 _aBengali Literature
_xHistory & Criticism
_9167074
942 _2ddc
_cBK
999 _c56119
_d56119